000 00615nam a2200217Ia 4500
005 20250923145911.0
008 008 250917s9999 xx 000 0 eng d
037 _aTextual
040 _aDSWL
_beng
_cDSWL
041 _aeng
_2eng
084 _aYX;5.73,d, N70
_qDSWL
100 _aCrmpton, H.M.
_9840090
245 0 _aSocial welfare: Institutions of Prverss
_c by H.M. Crmpton
260 _aNew York
_bRandom House
_c1970
300 _axii,308p.
365 _aUSD
_b17.95
700 _a K.K. Keiser
_9840091
925 _g17.95
942 _cTEXL
_hYX;5.73,d, N70
999 _c1457114
_d1457114